00590nam a2200193Ia 4500008004100000020001500041082001500056100001900071245003100090250000700121260002900128300002500157500001900182600002700201650001500228942000700243952013100250999001500381240925s9999 xx 000 0 und d a9812400672 a621.21 SHE aShetty, Devdas 0aMechatronics System Design aNA aBoston:bThomsonc,2001. a869p.bNAfPhotocopy aIncludes Index aElectronic Engineering aTechnology cBK 001040708ELaUITUbUITUd2003-02-10eRoyal Book Company g519.03l0o621.21 SHEpQ4959r2024-09-25 07:13:41w2024-09-25yBK c7458d7458